| 000 | 00865cam a2200217 4500 | ||
|---|---|---|---|
| 001 | WB3604-02 | ||
| 008 | 000000n2000 000 0 eng u | ||
| 035 | _a(Sirsi) u103781 | ||
| 245 | _aIneffective CDM regulations cost industry | ||
| 260 | _c2000 | ||
| 490 |
_aNew Civil Engineer _v 20 January 2000, 5(1) |
||
| 520 | _aThe Construction (Design & Management) regulations are slated for failing to reduce accident rates, yet costing thousands in paperwork for the UK construction industry. The HSE's own statistics confirm there has been no marked reduction in accidents. | ||
| 590 | _aWB | ||
| 650 | _aCONSTRUCTION (DESIGN AND MANAGEMENT) REGULATIONS 1994 | ||
| 650 | _aHEALTH AND SAFETY EXECUTIVE | ||
| 650 | _aACCIDENT RATE | ||
| 650 | _aSITE SAFETY | ||
| 650 | _aCONSTRUCTION SITES | ||
| 690 | _aBUILT ENVIRONMENT-BUILDING STANDARDS | ||
| 942 | _n0 | ||
| 999 |
_c62320 _d62320 |
||